FIN 203 : (Record no. 4878)
[ view plain ]
| 000 -LEADER | |
|---|---|
| fixed length control field | 00541nam a2200169 4500 |
| 001 - CONTROL NUMBER | |
| control field | 5782 |
| 005 - DATE AND TIME OF LATEST TRANSACTION | |
| control field | 20181127180236.0 |
| 090 00 - LOCALLY ASSIGNED LC-TYPE CALL NUMBER (OCLC); LOCAL CALL NUMBER (RLIN) | |
| Classification number (OCLC) (R) ; Classification number, CALL (RLIN) (NR) | 658 F49f 2016 |
| 245 00 - TITLE STATEMENT | |
| Title | FIN 203 : |
| Remainder of title | coursepack / |
| Statement of responsibility, etc. | Royal Thimphu College. |
| Medium | |
| 260 00 - PUBLICATION, DISTRIBUTION, ETC. | |
| Place of publication, distribution, etc. | Thimphu : |
| Name of publisher, distributor, etc. | Royal Thimphu College, |
| Date of publication, distribution, etc. | 2016. |
| 300 00 - PHYSICAL DESCRIPTION | |
| Extent | 690 p. |
| 500 ## - GENERAL NOTE | |
| General note | """"""""For FIN 203 program use only"""""""" |
| General note | """"""""Royal Thimphu College, Thimphu"""""""" |
| General note | FIN 203 Course Pack for Fall 2016. |
| General note | Xerographic copy in a binder. |
| 650 00 - SUBJECT ADDED ENTRY--TOPICAL TERM | |
| Topical term or geographic name entry element | Working capital |
| General subdivision | Management. |
| Withdrawn status | Lost status | Source of classification or shelving scheme | Damaged status | Not for loan | Collection code | Home library | Current library | Shelving location | Date acquired | Serial Enumeration / chronology | Inventory number | Total Checkouts | Full call number | Barcode | Date last seen | Price effective from | Koha item type |
|---|---|---|---|---|---|---|---|---|---|---|---|---|---|---|---|---|---|
| Dewey Decimal Classification | Fac res | RTC Library | RTC Library | Faculty reserve | 23/12/2021 | 9226 | 658 FIN | 30009297 | 28/02/2022 | 27/11/2018 | Faculty Reserve |